BIBLIOTECA PODER JUDICIAL
Portal Judicial TDF

Modos anormales de terminación del proceso : (Registro nro. 2109)

000 -LEADER
fixed length control field 00959nam a22002657a 4500
003 - CONTROL NUMBER IDENTIFIER
control field OSt
005 - DATE AND TIME OF LATEST TRANSACTION
control field 20181129072605.0
008 - FIXED-LENGTH DATA ELEMENTS--GENERAL INFORMATION
fixed length control field 180220b xxu||||| |||| 00| 0 spa d
020 ## - INTERNATIONAL STANDARD BOOK NUMBER
International Standard Book Number 9501404676
040 ## - CATALOGING SOURCE
Transcribing agency PJ
100 ## - ASIENTO PRINCIPAL - NOMBRE DE PERSONA
9 (RLIN) 3308
Personal name Fornaciari, Mario Alberto
245 10 - MENCIÓN DE TÍTULO
Título propiamente dicho Modos anormales de terminación del proceso :
Parte restante del título tomo II /
Mención de responsabilidad, etc Mario Alberto Fornaciari.
260 ## - PUBLICATION, DISTRIBUTION, ETC. (IMPRINT)
Place of publication, distribution, etc Buenos Aires :
Name of publisher, distributor, etc Depalma,
Date of publication, distribution, etc 1988.
300 ## - DESCRIPCION FISICA
Extent 168 p.
Dimensions 23 cm.
490 ## - MENCION DE SERIE
Mención de Serie Análisis Teórico Práctico del Derecho Procesal Civil
Designación numérica/secuencial del volumen II
500 ## - NOTA GENERAL
General note Notas y citas a pie de página.<br/>
504 ## - NOTA DE BIBLIOGRAFÍA, ETC.
Bibliography, etc Bibliografía: p. 259-263.<br/>
505 ## - FORMATTED CONTENTS NOTE
Formatted contents note Contenido:<br/>Transacción -- Conciliación -- Reconciliación -- Confusión -- Compromiso arbitral.
650 #0 - ASIENTO SECUNDARIO DE MATERIA - TERMINO TEMATICO
Topical term or geographic name as entry element DERECHO PROCESAL
9 (RLIN) 267
650 #0 - ASIENTO SECUNDARIO DE MATERIA - TERMINO TEMATICO
Topical term or geographic name as entry element TERMINACION DEL PROCESO
9 (RLIN) 1934
650 #0 - ASIENTO SECUNDARIO DE MATERIA - TERMINO TEMATICO
Topical term or geographic name as entry element CONCILIACIÓN
9 (RLIN) 3310
650 #0 - ASIENTO SECUNDARIO DE MATERIA - TERMINO TEMATICO
Topical term or geographic name as entry element TRANSACCIÓN
9 (RLIN) 3311
650 #0 - ASIENTO SECUNDARIO DE MATERIA - TERMINO TEMATICO
Topical term or geographic name as entry element COMPROMISO ARBITRAL
9 (RLIN) 3312
942 ## - ADDED ENTRY ELEMENTS (KOHA)
Source of classification or shelving scheme
Koha item type Libros
Classification part 347.933
Item part FOR
Existencias
Withdrawn status Lost status Source of classification or shelving scheme Damaged status Not for loan Permanent Location Current Location Date acquired Serial Enumeration / chronology Full call number Barcode Date last seen Price effective from Koha item type
          Biblioteca Poder Judicial Norte Biblioteca Poder Judicial Norte 2018-11-29 V. 2 347.933 FOR RG 3713 2024-12-01 2018-11-29 Libros
          Biblioteca Poder Judicial Sur Biblioteca Poder Judicial Sur 2018-11-29 V. 2 347.933 FOR 2934 2018-11-29 2018-11-29 Libros

12 de Octubre 789 Ushuaia - Tel:  54(02901)441571
Horario de Atención: 8.00 a 17.00 hs. 
bibliotecaush@justierradelfuego.gov.ar
koha@justierradelfuego.gov.ar
Seguinos en nuestras redes @bibliojustdf 

Con tecnología Koha